神奈川県の戦前市制・町制 - Statistics

General Stats
  • This quiz has been taken 154 times
    81 since last reset
  • The average score is 60 of 82
Answer Stats
施行日 施行内容 所属郡 回答 % Correct
1889.04.01 市制 (市) 横浜市
100%
1924.07.01 市制 (市) 川崎市
94%
1940.10.01 市制 (市) 藤沢市
94%
1889.04.01 町制 淘綾郡 大磯町
90%
1924.01.01 町制 久良岐郡 金沢町
90%
1892.02.05 町制 足柄下郡 箱根町
88%
1907.02.15 市制 (市) 横須賀市
88%
1939.11.03 市制 (市) 鎌倉市
88%
1940.12.20 市制 (市) 小田原市
88%
1889.04.01 町制 鎌倉郡 戸塚町
86%
1889.04.01 町制 大住郡 秦野町
86%
1889.04.01 町制 愛甲郡 厚木町
86%
1913.04.01 町制 三浦郡 逗子町
86%
1940.12.20 町制 高座郡 海老名町
86%
1909.04.01 町制 足柄上郡 松田町
84%
1926.07.01 町制 足柄下郡 湯河原町
84%
1932.04.01 市制 (市) 平塚市
84%
1935.11.01 町制 中郡 二宮町
84%
1943.11.03 町制 高座郡 大和町
84%
1889.04.01 町制 三浦郡 横須賀町
82%
1889.04.01 町制 大住郡 伊勢原町
82%
1889.04.01 町制 足柄下郡 小田原町
82%
1894.07.07 町制 鎌倉郡 鎌倉町
82%
1925.01.01 町制 三浦郡 葉山町
82%
1927.10.01 町制 足柄下郡 真鶴町
82%
1889.04.01 町制 橘樹郡 神奈川町
80%
1889.04.01 町制 橘樹郡 保土ヶ谷町
80%
1889.04.01 町制 三浦郡 三崎町
80%
1889.04.01 町制 大住郡 平塚町
80%
1908.07.01 町制 高座郡 茅ヶ崎町
80%
1921.04.01 町制 橘樹郡 鶴見町
80%
1933.02.11 町制 鎌倉郡 大船町
80%
1937.12.20 町制 高座郡 座間町
80%
1940.04.01 町制 愛甲郡 愛川町
80%
1940.11.01 町制 高座郡 寒川町
80%
1933.04.01 町制 足柄上郡 山北町
78%
1945.04.01 町制 高座郡 綾瀬町
78%
1889.04.01 町制 橘樹郡 川崎町
76%
1924.04.01 町制 足柄下郡 国府津町
76%
1928.04.17 町制 橘樹郡 高津町
76%
1944.02.11 町制 中郡 大野町
76%
1889.04.01 町制 三浦郡 浦賀町
75%
1914.06.01 町制 三浦郡 田浦町
75%
1940.02.11 町制 足柄下郡 足柄町
73%
1944.11.03 町制 高座郡 渋谷町
73%
1889.04.01 町制 南多摩郡 八王子町
71%
1925.05.01 町制 橘樹郡 中原町
71%
1889.04.01 町制 北多摩郡 田無町
69%
1926.01.01 町制 高座郡 上溝町
69%
1934.01.01 町制 都筑郡 川和町
69%
1940.04.01 町制 足柄上郡 南足柄町
67%
1889.04.01 宿制 南多摩郡 日野宿
65%
1889.04.01 駅制 北多摩郡 府中駅
65%
1889.04.01 町制 北多摩郡 調布町
65%
1923.01.01 町制 橘樹郡 大師町
65%
1931.01.01 町制 鎌倉郡 腰越町
65%
1889.04.01 町制 鎌倉郡 藤沢大富町
63%
1889.04.01 町制 高座郡 藤沢大坂町
63%
1889.04.01 駅制 足柄下郡 箱根駅
63%
1889.04.01 駅制 津久井郡 与瀬駅
63%
1889.04.01 駅制 西多摩郡 青梅駅
63%
1895.10月 町制 久良岐郡 戸太町
63%
1913.04.01 町制 津久井郡 与瀬町
63%
1932.06.01 町制 橘樹郡 稲田町
63%
1933.04.01 町制 鎌倉郡 片瀬町
63%
1940.04.01 町制 三浦郡 南下浦町
63%
1940.04.01 町制 足柄下郡 吉浜町
63%
1940.06.01 町制 中郡 南秦野町
63%
1889.04.01 町制 津久井郡 小原町
61%
1927.01.01 町制 中郡 須馬町
61%
1889.04.01 町制 大住郡 大山町
59%
1889.04.01 町制 西多摩郡 五日市町
59%
1925.01.01 町制 津久井郡 中野町
59%
1927.10.01 町制 足柄下郡 湯本町
59%
1913.04.01 町制 津久井郡 吉野町
57%
1942.04.01 町制 足柄下郡 酒匂町
57%
1889.04.01 駅制 津久井郡 吉野駅
55%
1923.04.01 町制 橘樹郡 潮田町
55%
1923.06.01 町制 橘樹郡 田島町
53%
1926.02.01 町制 三浦郡 長井町
53%
1903.10.01 町制 三浦郡 豊島町
51%
1935.07.01 町制 三浦郡 大楠町
51%
No matching quizzes found
Score Distribution
Percent of People with Each Score
Percentile by Number Answered
Your Score History
You have not taken this quiz since the last reset